| 000 | 00625nam a2200193Ia 4500 | ||
|---|---|---|---|
| 003 | IN-BaIIA | ||
| 008 | 211028s9999 xx 000 0 eng d | ||
| 040 | _cIIA Library | ||
| 080 |
_a539.1(540) _bSUN |
||
| 100 |
_aSundaram, C. V. _922526 |
||
| 245 | 0 |
_aAtomic energy in India 50 years _cC. V. Sundaram, L. V. Krishnan and T. S. Iyengar |
|
| 260 |
_aMumbai _bDepartment of Atomic Energy _c1998 |
||
| 300 | _aii, 227p. | ||
| 650 |
_aAtomic energy - history _922527 |
||
| 650 | _aIndia | ||
| 700 |
_aIyengar, T. S _922528 |
||
| 700 |
_aKrishnan, L. V. _922529 |
||
| 942 | _cBK | ||
| 999 |
_c12844 _d12844 |
||